| 000 | 00832nam a2200265 i 4500 | ||
|---|---|---|---|
| 003 | OSt | ||
| 005 | 20240306161922.0 | ||
| 008 | 240306t20222022my |||g |||| 00| 0 may d | ||
| 020 |
_a9789672437444 _cRM28.00 _qpaperback |
||
| 040 |
_aPPAK _beng _cPPAK _erda |
||
| 082 | 0 | 4 |
_223 _a899.2333 |
| 090 | 0 | 0 |
_a899.2333 _bHAF _dG |
| 100 | 0 |
_aHAFIZ AB KADIR _eauthor. |
|
| 245 | 1 | 0 |
_aTANGISAN SRI MELATI / _cHAFIZ AB KADIR ; SUNTINGAN oleh FARRAH IZZLORNA |
| 264 | 1 |
_aKuala Lumpur : _bPATRIOTS PUBLISHING SDN. BHD., _c2022 |
|
| 264 | 4 | _c©2022 | |
| 300 |
_a330 pages : _c20 cm. |
||
| 336 |
_atext _2rdacontent |
||
| 337 |
_aunmediated _2rdamedia |
||
| 338 |
_avolume _2rdacarrier |
||
| 650 | 1 | 0 | _aMalay fiction |
| 650 | 2 | 4 | _aMalaysian fiction (Malay) |
| 700 | 0 |
_aFARRAH IZZLORNA, _eeditor. |
|
| 942 |
_2ddc _cB |
||
| 999 |
_c195301 _d195301 |
||